Представление документа в формате RUSMARC

ПолеНазваниеЗначение
  Тип записи a
  Библиографический уровень m
001 Контрольный номер bff3538f18e3404e815febae8aeb0fe2
005 Дата корректировки 20260512140841.6
010 Индекс ISBN __
a ISBN 5-280-00449-9
b Уточнения в пер.
9 Тираж 200000 экз.
d Цена 50-00
100 Данные общей обработки __
a Данные общей обработки 20260428d1988 ma y0rusy028902 ca
101 Язык документа 0_
a Язык текста rus
102 Страна публикации __
a Страна публикации RU
105 Кодированные данные (монография) __
a Кодированные данные (монография) y z 000ay
181 Поле кодированных данных: вид содержания _0
a Код вида содержания (ISBD) i
182 Поле кодированных данных: тип средства _0
a Код типа средства (ISBD) n
200 Заглавие и сведения об ответственности 1_
a Заглавие Т. 1
203 Вид содержания и тип средства __
a Вид содержания Текст
c Тип средства непосредственный
210 Выходные данные 1_
d Дата издания 1988
215 Физическое описание __
a Объем 414, [1] с.
d Формат 21 см
320 Библиография __
a Библиография Примечания: с. 403-[413]
330 Аннотация __
a Аннотация "Среди великолепных памятников устного народного творчества, - писал М. Горький, - "Сказки Шахразады" являются памятником самым монументальным. Эти сказки с изумительным совершенством выражают буйную силу цветистой фантазии народов Востока - арабов, персов, индусов..." В состав первого тома вошли известные сказки "Тысячи и одной ночи": Рассказ о царе Шахрияре и его брате", "Сказка о горбуне", "Рассказ про Ала ад-Дина и волшебный светильник" и многие другие,
461 Уровень набора _0
1 2001
a Тысяча и одна ночь
e избранные сказки
e в 3 томах
f перевод с арабского М. А. Салье
v Т. 1
1 2101
a Москва
c Художественная литература
d 1988
1 001b0b1dbceefc7409e990c3fa973449f41
1 203
a Текст
c непосредственный
606 Тематические рубрики __
2 Код системы nlr_sh
a Основная рубрика Фольклор
606 Тематические рубрики __
2 Код системы nlr_sh
a Основная рубрика Мировой фольклор
610 Ключевые слова 0_
a Ключевые слова арабские сказки
610 Ключевые слова 0_
a Ключевые слова арабский фольклор
610 Ключевые слова 0_
a Ключевые слова восточный фольклор
610 Ключевые слова 0_
a Ключевые слова восточные сказки
610 Ключевые слова 0_
a Ключевые слова средневековый фольклор
610 Ключевые слова 0_
a Ключевые слова сказки
610 Ключевые слова 0_
a Ключевые слова персидский фольклор
610 Ключевые слова 0_
a Ключевые слова персидские сказки
610 Ключевые слова 0_
a Ключевые слова средневековая литература
610 Ключевые слова 0_
a Ключевые слова литературные памятники
610 Ключевые слова 0_
a Ключевые слова памятники литературы
610 Ключевые слова 0_
a Ключевые слова мусульманская мифология
610 Ключевые слова 0_
a Ключевые слова мусульманские традиции
686 Индексы других классификаций __
2 Код системы rubbks
a Классификационный индекс 82.3(0)-442
702 Вторичная интеллектуальная ответственность _1
a Фамилия Салье
b Имя М. А.
f Даты 1889-1961
g Полное личное имя Михаил Александрович
4 Код отношения 730
801 Источник записи _0
a Страна RU
b Организация Муниципальное бюджетное учреждение культуры "Централизованная библиотечная система" г. Сургут (Центральная городская библиотека им. А. С. Пушкина)
c Дата составления 20260428
g Правила каталогизации PSBO
801 Источник записи _1
a Страна RU
b Организация Муниципальное бюджетное учреждение культуры "Централизованная библиотечная система" г. Сургут (Центральная городская библиотека им. А. С. Пушкина)
c Дата составления 20260428
g Правила каталогизации PSBO
852 Данные о местонахождении __
i Авторский знак Т 93
j Шифр хранения 82.3(0)-442
900 Макрообъекты __
a Макрообъекты Тысяча и одна ночь, 1988
901 Тип документа __
t Тип документа n
w Контрольный № источника b0b1dbceefc7409e990c3fa973449f41
a Ответственный ООФиК/Губина
901 Тип документа __
a Ответственный 5 партия
903 Характеристики (МАРС) __
c Наименование библиотеки (МАРС) Муниципальное бюджетное учреждение культуры "Централизованная библиотечная система" г. Сургут (Центральная городская библиотека им. А. С. Пушкина)
a Дата передачи 20260428
990 Данные о заказе (DOS) __
j Количество экземпляров (DOS) 1
t N записи в КСУ для И/У (DOS) 202605